| 000 | 00000nam##2200000za#4500 |
| 001 | 9.646274 |
| 003 | CaOODSP |
| 005 | 20200401083019 |
| 007 | ta |
| 008 | 150407|1996||||xxc||||| f|0| 0 eng|d |
| 020 | |a0-662-24858-9 |
| 040 | |aCaOODSP|beng |
| 043 | |an-cn--- |
| 086 | 1 |aH46-2/96-194E |
| 110 | 1 |aCanada.|bHealth Canada. |bEnvironmental Health Directorate. |
| 245 | 10|aHealth-based tolerable daily intakes/concentrations and tumorigenic doses/concentrations for priority substances / |cby M. E. Meek and G. Long, Bureau of Chemical Hazards. |
| 260 | |aOttawa - Ontario : |bHealth Canada. |c1996. |
| 300 | |avi, 15p. : |btables ; |c28 cm. |
| 500 | |aContents: Introduction.--Explanation of terms: Tolerable daily intake (TDI): (non-carcinogenic effects); Tolerable concentration (TC): (non-carcinogenic effects); Tumorigenic dose 05 (TD05): (carcinogenic effects); Tumorigenic concentration 05 (TC05): (carcinogenic effects).--Summary of values: Tolerable concentrations/daily intakes for priority substances (non-carcinogenic effects); Tumorigenic doses/concentrations for priority substances (carcinogenic effects).--Priority substances under review or scheduled for review. |
| 563 | |aSoftcover |
| 590 | |a97-04|b1997-01-24 |
| 720 | 1 |aMeek, M. E. |
| 720 | 1 |aLong, G. |
| 775 | 08|tConcentrations/doses journalières admissibles et concentrations/doses tumorigènes des substances d'intérêt prioritaire calculées en fonction de critères sanitaires / |w(CaOODSP)9.679840 |
| 776 | 0#|tHealth-based tolerable daily intakes/concentrations and tumorigenic doses/concentrations for priority substances / |w(CaOODSP)9.695390 |
| 986 | |a96-EHD-194 |